| 000 | 00555nam a2200133 a 4500 | ||
|---|---|---|---|
| 008 | 090505s1981 ||||||||||||||||| || u | ||
| 050 | _aGOV.ZAM(02)1981/2 | ||
| 110 | _aWorld Bank | ||
| 245 | 1 | 0 |
_aZambia: staff appraisal report, Eastern province agricultural development project _cBy the World Bank |
| 260 |
_aWashington, D. C. _bWorld Bank _c1981 |
||
| 300 | _aiii, 81p. :ill. | ||
| 350 | _a0.00 | ||
| 995 |
_D0.00 _FCBU-MAIN LIBRARY (Kitwe) _H1 _I0.00 _M1 _UAVAILABLE _WMay 5, 2009 _ZZambiana Collection |
||
| 999 |
_c62408 _d62408 |
||